Statistics for Countries That Border Germany On A Map

Click here to take the quiz!

General Stats

  • This quiz has been taken 60 times
  • The average score is 8 of 9

Answers on the Map

Answers color-coded by a green-red scale on the quiz's map according to % correct below.
 

Answer Stats

Answer% Correct
France
96%
Poland
96%
Austria
94%
Belgium
94%
Czech Republic
92%
Netherlands
92%
Switzerland
92%
Denmark
88%
Luxembourg
71%

Score Distribution

Percentile by Number Answered

Percent of People with Each Score

Your Score History

You have not taken this quiz